00972nam a2200205 a 450000100100000000500170001000800410002702000180006804000250008610000370011124501020014826000500025030000260030050000550032650000320038195201200041395201110053395201050064499900170074900004228420201002040044.0131122s2013 dr 000 0 spa d a9789945887624 aDO-SdBNPbspacBNPHU1 aRicón Vásquez, Felipe96932810aTeología sistemática :bel critianismo, su historia y sus dogmas /cFelipe Ricón Vásquez. aSanto Domingo :bMirabal Producciones,c2013. av. (176) p. ;c22 cm. aIncluye datos biográficos del autor en la solapa aLa biblioteca posee el v. 2 001052708DSaGRbGRcCTd2013-11-22iLF1l0o p42284-30r2020-06-25te. 3w2020-06-25yLFDSZPréstamo interno 0010718PDaPDbPDcCTd2013-11-22iLF1l0o p42284-10r2020-06-25te. 2w2020-06-25yLFPDZNo se presta 0010718PDaPDbPDcCTd2013-11-22iLF1l0o p42284-20r2020-06-25w2020-06-25yLFPDZNo se presta c41773d41773